Statistiques concernant Pays hôtes vainqueurs de la Coupe du monde ou de l'Euro (football)

Cliquez ici pour prendre le quiz!

Statistiques générales

  • Ce quiz a été pris 521 fois
  • Le résultat moyen est 7 sur 9

Statistiques - réponses

CompétitionOrganisateur et vainqueur% Correct
CdM 1930Uruguay
97%
CdM 1998France
96%
CdM 1934Italie
88%
CdM 1966Angleterre
84%
CdM 1974Allemagne
80%
CdM 1978Argentine
78%
Euro 1984France
78%
Euro 1964Espagne
68%
Euro 1968Italie
66%

Distribution des résultats

Percentile par nombre de réponses

% des personnes avec chaque résultat

Votre développement - résultats

Vous n’avez pas pris ce quiz